| 000 | 00624 a2200169 4500 | ||
|---|---|---|---|
| 001 | 144684 | ||
| 040 | _cLeonardo Da Vinci | ||
| 041 | _aPortuguês | ||
| 082 |
_a469.5 A474c _bA474c |
||
| 100 | _aALVES, Cintia dos Santos | ||
| 245 | _aComunicação interna escrita como reflexo da cultura organizacional | ||
| 260 |
_c2014 _aOsasco |
||
| 362 | _a20140000 | ||
| 500 |
_aTrabalho de conclusão de curso (Administração de Empresas) -
Faculdade Instituto Paulista de Ensino, 2014 _aOrientador: Renata Ferreira Tacini |
||
| 697 |
_aComunicação interna _aComunicação escrita _aCultura organizacional _aFIPEN |
||
| 942 | _cBK | ||
| 999 |
_c144684 _d144684 |
||